10 Minutos guía para Excel 5 (Registro nro. 4947)

Detalles MARC
000 -LEADER
fixed length control field 01588 a2200217 4500
001 - CONTROL NUMBER
control field 50085
005 - DATE AND TIME OF LATEST TRANSACTION
control field 20260407155801.0
008 - FIXED-LENGTH DATA ELEMENTS--GENERAL INFORMATION
fixed length control field 260407a1995 arg spa d
003 - CONTROL NUMBER IDENTIFIER
control field AR-UNSa-BCEJYS
040 ## - CATALOGING SOURCE
Original cataloging agency AR-UNSa-BCEJYS
Language of cataloging spa
Transcribing agency AR-UNSa-BCEJYS
080 ## - UNIVERSAL DECIMAL CLASSIFICATION NUMBER
Universal Decimal Classification number 004.67*E
Common auxiliary subdivision Sistemas para datos numéricos. Sistemas de hoja de cálculo (Excel)
020 ## - INTERNATIONAL STANDARD BOOK NUMBER
International Standard Book Number 950-528-128-5
041 ## - LANGUAGE CODE
Language code of text/sound track or separate title spa
100 1# - MAIN ENTRY--PERSONAL NAME
Personal name Kraynak, Joe
245 10 - TITLE STATEMENT
Title 10 Minutos guía para Excel 5
264 #1 - PRODUCTION, PUBLICATION, DISTRIBUTION, MANUFACTURE, AND COPYRIGHT NOTICE
Place of production, publication, distribution, manufacture Buenos Aires :
Name of producer, publisher, distributor, manufacturer Hasa (Hispano Americana)
Date of production, publication, distribution, manufacture, or copyright notice 1995
300 ## - PHYSICAL DESCRIPTION
Extent x, 166 p.
Dimensions 21 cm.
505 ## - FORMATTED CONTENTS NOTE
Formatted contents note 1. Inicio y salida de Excel - 2. Recorriendo la ventana Excel - 3. Uso de las barras de herramientas de Excel - 4. Trabajando con archivos de libro de trabajo - 5. Trabajando con planillas - 6. Ingreso y edición de datos - 7. Trabajo con rangos - 8. Copiado, movimiento y borrado de datos - 9. Inserción y eliminación de celdas, filas y columnas - 10. Escribiendo fórmulas - 11. Ejecución de cálculos complejos con funciones - 12. Impresión de su libro de trabajo - 13. Ajuste de formatos numéricos y alineamiento de texto - 14. Mejorando el aspecto de su texto - 15. Agregado de bordes y sombreado a las celdas - 16. Cambio del ancho de columna y altura - 17. Dando formato de estilos - 18. Creación de gráficos - 19. Realce de gráficos - 20. Agregando gráficos a diagramas y libros de trabajo - 21. Creación de una base de datos - 22. Buscar y ordenar datos en una base de datos - 23. Resumen y comparación de datos en una base de datos -
590 ## - LOCAL NOTE (RLIN)
Local note niveau_biblio:m niveau_hierar:0
942 ## - ADDED ENTRY ELEMENTS (KOHA)
Koha item type
Existencias
Withdrawn status Lost status Damaged status Not for loan Home library Current library Shelving location Date acquired Total checkouts Full call number Barcode Date last seen Price effective from Koha item type
        Biblioteca Prof. Eusebio Cleto del Rey Biblioteca Prof. Eusebio Cleto del Rey   07/04/2026   004.67*E K89 L85051 07/04/2026 07/04/2026 Libro